00489nam a22001217a 4500003000200000005001700002008004100019050002300060245013200083260008500215300002600300500004100326020221115133915.0221115b xxu||||| |||| 00| 0 eng d aHF 5410b.D34 2019 aPurchase order with inventory and sales management system for A.C matola beverage distributing companycAna Patricia T. Dagdag aLas Pinas City, PhilippinesbSouthville International School and CollegescC2019 a168pp.c28cm.fTheses aInventory & sales management system.